000 00644nam a22002417a 4500
003 UA-OsUOA
001 99765
007 ta
008 20130515b un ||||| |||| 00| 0 ukr d
100 _aСтрельников Б.
090 _a821.161.1
_bС84
942 _cBK
040 _aUA-OsUOA
_brus
_cUA-OsUOA
_dUA-OsUOA
245 _aПутешествие будет опасным
300 _a92 с.
955 _a3
041 _arus
080 _a821.161.1
260 _aМ.
_bСоветская Россия
_c1979
044 _aRU
650 7 _a82 Література. Літературознавство
_2UDC
999 _c385950
_d385950